000 00460nam a2200205Ia 4500
001 109447
003 YMCAF
005 20230512162351.0
008 100717s1999 ||||||||||||||||| ||und|d
024 _a109447
035 _aWB434
040 _aYMCAF
_beng
_cIN-KoLT
041 _aeng
082 _a620.11
_bJAN
100 _aJanocha, Hartmut
245 0 _aAdaptronics and smart structures
260 _bSpringer
_c1999
300 _a438
942 _2ddc
_cBK
999 _c11463
_d11463